[Event "HUN-chT2 Szechenyi 1112"]
[Site "Hungary"]
[Date "2012.05.06"]
[Round "10.11"]
[White "Pal, Balint"]
[Black "Torma, Laszlo"]
[Result "1/2-1/2"]
[WhiteElo "1781"]
[BlackElo "2010"]
[PlyCount "29"]
[EventDate "2011.09.25"]
[EventType "team-tourn"]
[EventRounds "11"]
[EventCountry "HUN"]
[SourceTitle "EXT 2013"]
[Source "ChessBase"]
[SourceDate "2012.11.22"]
[SourceVersion "1"]
[SourceVersionDate "2012.11.22"]
[SourceQuality "1"]
[WhiteTeam "Zala Volan"]
[BlackTeam "Ajka Banyasz"]
[WhiteTeamCountry "HUN"]
[BlackTeamCountry "HUN"]

1. e4 d5 2. exd5 Nf6 3. d4 Nxd5 4. Nc3 Bf5 5. Bd3 Bxd3 6. Qxd3 c6 7. a3 e6 8. Nf3 Bd6 9. 0-0 h6 10. Ne4 Be7 11. Re1 0-0 12. Ne5 Nd7 13. Qg3 Kh7 14. Qd3 Kg8 15. c4 1/2-1/2

[Event "HUN-chT2 Szechenyi 1112"]
[Site "Hungary"]
[Date "2012.02.19"]
[Round "6.11"]
[White "Pal, Balint"]
[Black "Toth, Daniel"]
[Result "1/2-1/2"]
[WhiteElo "1781"]
[BlackElo "1701"]
[PlyCount "28"]
[EventDate "2011.09.25"]
[EventType "team-tourn"]
[EventRounds "11"]
[EventCountry "HUN"]
[SourceTitle "EXT 2013"]
[Source "ChessBase"]
[SourceDate "2012.11.22"]
[SourceVersion "1"]
[SourceVersionDate "2012.11.22"]
[SourceQuality "1"]
[WhiteTeam "Zala Volan"]
[BlackTeam "Keszthely"]
[WhiteTeamCountry "HUN"]
[BlackTeamCountry "HUN"]

1. e4 Nf6 2. e5 Nd5 3. c4 Nb6 4. d4 d6 5. exd6 exd6 6. h3 Be7 7. Nf3 0-0 8. Bd3 Nc6 9. a3 Bf6 10. Be3 Re8 11. 0-0 h6 12. Nc3 Na5 13. b3 c5 14. Ne4 Bf5 1/2-1/2

[Event "HUN-chT2 Szechenyi 1011"]
[Site "Hungary"]
[Date "2011.05.15"]
[Round "11.11"]
[White "Toth, Daniel1111"]
[Black "Pal, Balint"]
[Result "1/2-1/2"]
[WhiteElo "1680"]
[BlackElo "1782"]
[PlyCount "67"]
[EventDate "2010.09.12"]
[EventType "team-tourn"]
[EventRounds "11"]
[EventCountry "HUN"]
[SourceTitle "EXT 2012"]
[Source "ChessBase"]
[SourceDate "2011.11.24"]
[SourceVersion "1"]
[SourceVersionDate "2011.11.24"]
[SourceQuality "1"]
[WhiteTeam "Spartacus"]
[BlackTeam "Zala Volan"]
[WhiteTeamCountry "HUN"]
[BlackTeamCountry "HUN"]

1. c4 c5 2. Nf3 Nc6 3. Nc3 Nf6 4. g3 g6 5. Bg2 Bg7 6. 0-0 0-0 7. d4 cxd4 8. Nxd4 Nxd4 9. Qxd4 d6 10. Qh4 Re8 11. Bh6 Bh8 12. Rac1 Rb8 13. Rfd1 Qa5 14. a3 Ng4 15. h3 Bf6 16. Rd5 Qxd5 17. Nxd5 Bxh4 18. hxg4 Bf6 19. Nxf6+ exf6 20. Be3 b6 21. Bf3 Bb7 22. Kg2 Bxf3+ 23. Kxf3 Re6 24. b4 Rbe8 25. c5 dxc5 26. bxc5 Rc8 27. cxb6 Rxc1 28. Bxc1 Rxb6 29. Kf4 Rc6 30. Bb2 Rc2 31. Bd4 a5 32. Ke3 Ra2 33. Bc5 a4 34. Kd3 1/2-1/2

[Event "HUN-chT2 Szechenyi 1011"]
[Site "Hungary"]
[Date "2010.10.10"]
[Round "3.11"]
[White "Vucko, Jozsef"]
[Black "Pal, Balint"]
[Result "1-0"]
[WhiteElo "2022"]
[BlackElo "1782"]
[PlyCount "71"]
[EventDate "2010.09.12"]
[EventType "team-tourn"]
[EventRounds "11"]
[EventCountry "HUN"]
[SourceTitle "EXT 2012"]
[Source "ChessBase"]
[SourceDate "2011.11.24"]
[SourceVersion "1"]
[SourceVersionDate "2011.11.24"]
[SourceQuality "1"]
[WhiteTeam "Alsoszolnok"]
[BlackTeam "Zala Volan"]
[WhiteTeamCountry "HUN"]
[BlackTeamCountry "HUN"]

1. c4 c5 2. Nc3 Nc6 3. e3 e5 4. Bd3 g6 5. Nge2 Bg7 6. 0-0 f5 7. a3 d6 8. Bc2 Be6 9. d3 Nh6 10. Rb1 0-0 11. b4 b6 12. Bd2 Qh4 13. f4 Ng4 14. h3 Nh6 15. Nb5 Qe7 16. Nbc3 g5 17. Nd5 Bxd5 18. cxd5 Nd8 19. Nc3 g4 20. Qe1 Bf6 21. e4 Bh4 22. Qe3 gxh3 23. gxh3 Kh8 24. Kh1 Rg8 25. Rg1 Ndf7 26. Ne2 Ng4 27. hxg4 fxg4 28. Bc3 Rg6 29. Kg2 Rf6 30. Rbf1 Rg6 31. Ng3 Bxg3 32. Qxg3 Kg8 33. fxe5 dxe5 34. Bb3 Kg7 35. Rf5 Re8 36. Rgf1 1-0

[Event "HUN-chT2 Szechenyi 0910"]
[Site "Hungary"]
[Date "2010.04.18"]
[Round "10.10"]
[White "Szentmihalyi, Daniel"]
[Black "Pal, Balint"]
[Result "0-1"]
[WhiteElo "1732"]
[BlackElo "1765"]
[PlyCount "54"]
[EventDate "2009.11.08"]
[EventType "team-tourn"]
[EventRounds "11"]
[EventCountry "HUN"]
[SourceTitle "EXT 2011"]
[Source "ChessBase"]
[SourceDate "2010.11.26"]
[SourceVersion "1"]
[SourceVersionDate "2010.11.26"]
[SourceQuality "1"]
[WhiteTeam "FKMK"]
[BlackTeam "Kertvaros"]
[WhiteTeamCountry "HUN"]
[BlackTeamCountry "HUN"]

1. e4 c5 2. c3 g6 3. d4 cxd4 4. cxd4 Bg7 5. Be3 e6 6. Nc3 a6 7. Qd2 Ne7 8. f3 d5 9. Bd3 0-0 10. Nge2 b5 11. a3 Bb7 12. e5 f6 13. f4 fxe5 14. fxe5 Nbc6 15. Nf4 Qd7 16. 0-0 Na5 17. Qc2 Nc4 18. Bxc4 bxc4 19. Na4 Nf5 20. Rae1 Qe7 21. Nc5 Bc8 22. Qd2 Bh6 23. Kh1 Qh4 24. Rf3 Nxe3 25. Qxe3 Bxf4 26. Rh3 Bxe3 27. Rxh4 Bf2 0-1

[Event "HUN-chT2 Szechenyi 0910"]
[Site "Hungary"]
[Date "2010.03.21"]
[Round "8.10"]
[White "Pal, Balint"]
[Black "Perkovits, Geza"]
[Result "0-1"]
[WhiteElo "1765"]
[BlackElo "2065"]
[PlyCount "84"]
[EventDate "2009.11.08"]
[EventType "team-tourn"]
[EventRounds "11"]
[EventCountry "HUN"]
[SourceTitle "EXT 2011"]
[Source "ChessBase"]
[SourceDate "2010.11.26"]
[SourceVersion "1"]
[SourceVersionDate "2010.11.26"]
[SourceQuality "1"]
[WhiteTeam "Kertvaros"]
[BlackTeam "BSC"]
[WhiteTeamCountry "HUN"]
[BlackTeamCountry "HUN"]

1. e4 d5 2. exd5 Qxd5 3. Nc3 Qd6 4. d3 Nf6 5. Nf3 Nc6 6. g3 Bg4 7. Bg2 a6 8. 0-0 0-0-0 9. Re1 e5 10. Bg5 h6 11. Bxf6 Qxf6 12. h3 Bh5 13. Ne4 Qe6 14. Qd2 Bxf3 15. Bxf3 Qxh3 16. Bg2 Qe6 17. Nc3 f6 18. Qe2 Nd4 19. Qe4 c6 20. Rac1 Kc7 21. a3 h5 22. Ne2 Nxe2+ 23. Qxe2 g5 24. b4 Qd6 25. Rcd1 Qd4 26. Qe4 Qd7 27. c4 Qd4 28. Qxd4 Rxd4 29. Re4 Rd7 30. Bh3 g4 31. Bg2 Bg7 32. f4 f5 33. Re2 exf4 34. gxf4 Rhd8 35. Bf1 Rxd3 36. Rxd3 Rxd3 37. Re7+ Rd7 38. Rxd7+ Kxd7 39. c5 Bb2 40. Bd3 Ke6 41. Bc4+ Kf6 42. a4 Ba3 0-1

[Event "HUN-chT2 Szechenyi 0910"]
[Site "Hungary"]
[Date "2009.12.06"]
[Round "3.10"]
[White "Arany, Tamas"]
[Black "Pal, Balint"]
[Result "1/2-1/2"]
[WhiteElo "1918"]
[BlackElo "1765"]
[PlyCount "62"]
[EventDate "2009.11.08"]
[EventType "team-tourn"]
[EventRounds "11"]
[EventCountry "HUN"]
[SourceTitle "EXT 2011"]
[Source "ChessBase"]
[SourceDate "2010.11.26"]
[SourceVersion "1"]
[SourceVersionDate "2010.11.26"]
[SourceQuality "1"]
[WhiteTeam "Arboretum"]
[BlackTeam "Kertvaros"]
[WhiteTeamCountry "HUN"]
[BlackTeamCountry "HUN"]

1. e4 c5 2. Nc3 Nc6 3. d3 e6 4. g3 a6 5. Bg2 g6 6. Nf3 Bg7 7. 0-0 Nge7 8. Be3 d6 9. Qd2 0-0 10. Rad1 e5 11. Ne2 f5 12. c3 b6 13. Ne1 Bb7 14. Nc2 a5 15. f4 Qc7 16. Rc1 Rad8 17. d4 Nb8 18. d5 Nd7 19. c4 Ba6 20. b3 b5 21. Na3 Rb8 22. cxb5 Bxb5 23. Nxb5 Rxb5 24. Nc3 Rb4 25. Qd3 Re8 26. Nb5 Qb6 27. a4 exf4 28. gxf4 fxe4 29. Bxe4 Nc8 30. Rc4 Na7 31. Nxa7 Qxa7 1/2-1/2